| 000 | 00748cam a2200217u 4500 | ||
|---|---|---|---|
| 999 |
_c126174 _d126174 |
||
| 001 | 5883114 | ||
| 003 | ARRUPE | ||
| 005 | 20170302101146.0 | ||
| 008 | 830721s1910 mau 000 0 eng | ||
| 010 | _a 10022988 | ||
| 040 |
_aDLC _cCarP _dDLC |
||
| 050 | 0 | 0 |
_aBT135 _b.L9 |
| 100 | 1 |
_aBakunda, Alice _928944 |
|
| 245 | 0 | 0 |
_aUnderneath are the everlasting arms, _cAlice Bakunda and Bernard Bakunda |
| 250 | _a2nd edition | ||
| 260 |
_aKampala _bUganda Healthcare Christian Fellowship _c2007 |
||
| 300 |
_axii, 145 p. _c21 cm. |
||
| 530 | _aAlso available in digital form on the Internet Archive Web site. | ||
| 600 |
_aBakunda, Alice _928945 |
||
| 600 |
_aBakunda, Bernard _928946 |
||
| 700 |
_aBakunda, Bernard _928946 |
||
| 906 |
_a0 _bcbc _cpremunv _du _encip _f19 _gy-gencatlg |
||
| 942 |
_2lcc _cMONOGRAPH |
||